| 000 | 00671nam a2200181Ia 4500 | ||
|---|---|---|---|
| 008 | 151018s9999 xx 000 0 und d | ||
| 082 |
_bRBASDV47478 _a923.2 |
||
| 100 | _aसोपान गाडे | ||
| 245 | _aमहाराष्ट्रातील महिलाराज | ||
| 250 | _b1 | ||
| 260 |
_bआविस्कार पब्लिशर्स _c2008 |
||
| 300 | _a216 | ||
| 600 | _aसोपान गाडे | ||
| 630 | _aमहाराष्ट्रातील महिलाराज | ||
| 700 | _aसोपान गाडे | ||
| 730 | _aमहाराष्ट्रातील महिलाराज | ||
| 942 | _cBOOK | ||
| 999 |
_c1046612 _d1046609 |
||